1167 1207 1485 1970 1029 1983 1828 1660 1971 1373 1020 1661 1223 1291 1551 1402 1195 1189 1532 1749 1689 1952 1973 1712 1057 1249 1519 1223 1049 1428 1606 1319 1439 1483 1668 1532 1965 1873 1093 1881 1669 1227 1040 1932 1965 1691 1189 1373 1519 1599 1087 1544 1613 1989 1001 1858 2000 1859 1536 1129 1149 1071 1830 1966 1299 1536 1696 1439 1496 1016 1297 1168 1960 1336 1817 1997 1285 1303 1511 1464 1834 1197 1079 1839 1064 1073 1729 1659 1268 1184 1460 1049 1248 1862 1621 1571 1326 1985 1405 BCNSPRNW ULIB Ver.6.0+V

เปลี่ยนเป็นภาษาไทย

Change to English
 แสดงรายละเอียดบรรณานุกรม
  กลับหน้าหลัก

Brief Record : Get Marc (ISO 2709) : E-mail record : QR code < ปิดหน้าต่าง
LEADER : 00000nam 2200000uu 4500
001    13399112458
003     ULIB
008    110816s2549||||th 000 0 tha d
020    9749554280
020    9789749554289
040    cl
050  4 HN700.55^bส931อ 2549
100 0  เสรี พงศ์พิศ
245 10 อนาคตเริ่มตั้งแต่วันวาน /^cโดย เสรี พงศ์พิศ
250    พิมพ์ครั้งที่ 2
260    กรุงเทพฯ :^bมหาวิทยาลัยธุรกิจบัณฑิตย์,^c2549
300    224 หน้า :^bภาพประกอบ ;^c21 ซม.
500    ที่ระลึกในพิธีพระราชทานเพลิงศพ ศ.ดร.สิปปนนท์ เกตุทัต ในวันที่ 23 พฤศจิกายน 2549 ณ วัดเทพศิรินทราวาส
536    สนับสนุนโดยสำนักงานกองทุนสนับสนุนการวิจัย (สกว.)
600 07 สิปปนนท์ เกตุทัต,^d2473-2549^xทัศนะเกี่ยวกับการเมืองและสังคม
600 07 สิปปนนท์ เกตุทัต,^d2473-2549^xทัศนะเกี่ยวกับการศึกษา
650  4 การพัฒนาประเทศ^zไทย
710 2  สำนักงานกองทุนสนับสนุนการวิจัย
945    ^p0^l0^i020309
995    ทศพร
999 ^a ทศพร
รายการนี้ยังไม่มีแท็ก
คุณยังไม่ได้ล็อกอิน คุณสามารถมีกิจกรรมร่วมกับเว็บไซต์ได้ แต่ต้องล็อกอินก่อน ::
  ล็อกอิน

รายการสื่อสารสนเทศ

ลำดับที่ ประเภท เลขเรียก/บาร์โค้ด สถานที่ สถานะ
- ไม่พบข้อมูล -

รายการใกล้เคียง
    ผู้แต่ง [เสรี พงศ์พิศ]

BibComment


ยังไม่เคยถูกคอมเมนท์

คอมเมนท์ทรัพยากรรายการนี้
  คอมเมนท์: อนาคตเริ่มตั้งแต่..


 Copyright 2026. Bcnsprnw @Library